[Event "ST Grächen VS"]
[Site "?"]
[Date "2013.??.??"]
[Round "2"]
[White "Hohler, Peter"]
[Black "Sigrist, Walter"]
[Result "1-0"]
[WhiteElo "2213"]
[BlackElo "1787"]
[PlyCount "55"]
[SourceDate "2013.07.11"]

1. d4 Nf6 2. c4 c5 3. d5 d6 4. Nc3 e6 5. e4 exd5 6. cxd5 g6 7. h3 Bg7 8. Bd3
O-O 9. Nf3 Re8 10. O-O Na6 11. Re1 Nc7 12. Bf4 b6 13. a4 Bb7 14. Nd2 Nh5 15.
Bh2 Be5 16. Nc4 Bxh2+ 17. Kxh2 Qf6 18. Re3 Rad8 19. Rf3 Qg5 20. Nb5 Nxb5 21.
axb5 Ra8 22. g3 Qe7 23. Qd2 g5 24. Bc2 f6 25. Rfa3 Qd7 26. Rxa7 Rxa7 27. Rxa7
Qc7 28. Rxb7 1-0

[Event "NAT Grächen VS"]
[Site "?"]
[Date "2013.??.??"]
[Round "5"]
[White "Bauer, Christian"]
[Black "Miezis, Normunds"]
[Result "1/2-1/2"]
[WhiteElo "2637"]
[BlackElo "2548"]
[PlyCount "153"]
[SourceDate "2013.07.11"]

1. d4 Nf6 2. Bf4 e6 3. e3 b6 4. Nf3 Bb7 5. Bd3 Be7 6. h3 O-O 7. O-O Ne4 8. Nfd2
d5 9. a4 a5 10. Nxe4 dxe4 11. Bc4 Bd6 12. Bxd6 Qxd6 13. Nc3 Nd7 14. d5 exd5 15.
Bxd5 Bxd5 16. Qxd5 Qxd5 17. Nxd5 Ra7 18. Ne7+ Kh8 19. Nc6 Raa8 20. Rfd1 Nc5 21.
Rd5 Rfe8 22. b3 g6 23. Rad1 Kg7 24. g4 Re6 25. Nd4 Re7 26. Kg2 Na6 27. Nc6 Re6
28. Nd8 Re7 29. Rd7 Kf8 30. Rxe7 Kxe7 31. Nc6+ Kf8 32. Rd7 Re8 33. Kg3 h6 34.
h4 Re6 35. Rd8+ Kg7 36. Nd4 Re7 37. Nc6 Re6 38. Nd4 Re7 39. h5 Nb4 40. hxg6
fxg6 41. Rc8 Kf6 42. c3 Na6 43. Nb5 Kf7 44. Ra8 Nc5 45. b4 Nxa4 46. bxa5 bxa5
47. Rxa5 Nc5 48. Nd4 Ne6 49. Nc6 Re8 50. Ra7 Kf6 51. Nd4 Nxd4 52. cxd4 Re7 53.
Ra5 g5 54. Rc5 Kg7 55. Rc6 Kh7 56. Kg2 Kg7 57. Kf1 Kh7 58. Ke2 Kg7 59. f3 exf3+
60. Kxf3 Rd7 61. Ke4 Kh7 62. d5 Re7+ 63. Kd4 Rg7 64. e4 h5 65. gxh5 g4 66. h6
Rf7 67. e5 g3 68. Rc3 Rf4+ 69. Kc5 Rg4 70. Rc1 Kxh6 71. Kc6 Rg7 72. Rg1 Kh5 73.
e6 Kg4 74. Re1 Re7 75. d6 cxd6 76. Kxd6 Re8 77. Kd7 1/2-1/2

[Event "NAT Grächen VS"]
[Site "?"]
[Date "2013.??.??"]
[Round "5"]
[White "Huss, Andreas"]
[Black "Stojanovic, Mihahlo"]
[Result "1/2-1/2"]
[WhiteElo "2365"]
[BlackElo "2564"]
[PlyCount "114"]
[SourceDate "2013.07.11"]

1. d4 Nf6 2. c4 e6 3. Nf3 d5 4. cxd5 exd5 5. Nc3 c6 6. Qc2 Be7 7. Bg5 g6 8. e4
dxe4 9. Bxf6 Bxf6 10. Qxe4+ Qe7 11. Qxe7+ Kxe7 12. Bc4 Bf5 13. O-O Nd7 14.
Rfe1+ Kf8 15. Ne5 Nxe5 16. dxe5 Be7 17. Rad1 b5 18. Bb3 a5 19. a4 bxa4 20. Bxa4
Rb8 21. Re2 Rb6 22. Ne4 Kg7 23. Nd6 Be6 24. h3 Rhb8 25. Rdd2 Bd5 26. Rc2 Bxd6
27. exd6 Rd8 28. Re7 Rxd6 29. Ra7 Re6 30. Kh2 Re1 31. Rxa5 Ra1 32. Ra8 c5 33.
Rd8 Bxg2 34. Kxg2 Rxa4 35. Rc8 Rab4 36. R8xc5 Rxb2 37. Rxb2 Rxb2 38. Kg3 Rb3+
39. Kg2 Kh6 40. Rc7 Kg7 41. Ra7 g5 42. Ra5 Kg6 43. h4 f6 44. hxg5 fxg5 45. Ra6+
Kh5 46. Ra7 Kg6 47. Ra6+ Kh5 48. Ra7 h6 49. Ra6 g4 50. Ra5+ Kh4 51. Ra6 h5 52.
Rg6 Rb5 53. Rg8 Rg5 54. Rxg5 Kxg5 55. f3 Kf4 56. fxg4 hxg4 57. Kf2 g3+ 1/2-1/2

[Event "NAT Grächen VS"]
[Site "?"]
[Date "2013.??.??"]
[Round "5"]
[White "Sokolov, Andrei"]
[Black "Stoeri, Laura"]
[Result "1-0"]
[WhiteElo "2563"]
[BlackElo "2186"]
[PlyCount "75"]
[SourceDate "2013.07.11"]

1. e4 e5 2. Nf3 Nc6 3. Bb5 a6 4. Ba4 Nf6 5. O-O Be7 6. Re1 b5 7. Bb3 d6 8. c3
O-O 9. h3 Nb8 10. d4 Nbd7 11. Nbd2 Bb7 12. Bc2 Re8 13. a4 Bf8 14. Bd3 b4 15. d5
Nc5 16. Bc2 a5 17. Nb3 Nxb3 18. Bxb3 c6 19. dxc6 Bxc6 20. cxb4 axb4 21. Bg5 Be7
22. Bxf6 Bxf6 23. Qd3 Qd7 24. a5 Rec8 25. Red1 Ra7 26. Nd2 Qb7 27. a6 Qa8 28.
Qxd6 Rd7 29. Qxb4 Rd4 30. Nc4 Rb8 31. Qa3 Bxe4 32. Rxd4 exd4 33. a7 Rb5 34. Nd6
Be7 35. Qa4 Rxb3 36. Nxe4 Rxb2 37. Qd7 Rb7 38. Qxb7 1-0

[Event "NAT Grächen VS"]
[Site "?"]
[Date "2013.??.??"]
[Round "5"]
[White "Meylan, André"]
[Black "Cebalo, Miso"]
[Result "0-1"]
[WhiteElo "2183"]
[BlackElo "2438"]
[PlyCount "98"]
[SourceDate "2013.07.11"]

1. e4 c5 2. Nf3 Nc6 3. d4 cxd4 4. Nxd4 g6 5. Be3 Nf6 6. Nc3 Bg7 7. Be2 O-O 8.
f4 d6 9. O-O Bd7 10. Nb3 a6 11. a4 Be6 12. Nd4 Nxd4 13. Bxd4 Rc8 14. Bf3 Qa5
15. Nd5 Bxd5 16. exd5 Nd7 17. Bxg7 Kxg7 18. Qd4+ Kg8 19. c3 Qc5 20. Qxc5 Rxc5
21. Rfe1 Re8 22. Re3 Kf8 23. Kf2 Nf6 24. g3 Rec8 25. Rae1 R8c7 26. Rd1 a5 27.
Re2 b5 28. axb5 Rxb5 29. Ke3 Nd7 30. Rg2 Nb6 31. Kd4 Rcc5 32. Rdd2 Nxd5 33. b4
e5+ 34. fxe5 dxe5+ 35. Kxe5 Nxb4+ 36. Kd4 Nc6+ 37. Bxc6 Rxc6 38. c4 Rg5 39. Rc2
Ke7 40. c5 Kd7 41. Rc3 Rg4+ 42. Kd5 Rf6 43. Re2 Rf5+ 44. Re5 Rgg5 45. c6+ Kc7
46. Rxf5 Rxf5+ 47. Ke4 a4 48. Kd4 Ra5 49. Rc4 a3 0-1

[Event "NAT Grächen VS"]
[Site "?"]
[Date "2013.??.??"]
[Round "5"]
[White "Raetsky, Alexander"]
[Black "Klauser, Markus"]
[Result "1/2-1/2"]
[WhiteElo "2412"]
[BlackElo "2382"]
[PlyCount "39"]
[SourceDate "2013.07.11"]

1. e4 e5 2. f4 exf4 3. Nf3 Ne7 4. d4 d5 5. Nc3 dxe4 6. Nxe4 Nd5 7. Bd3 Be7 8.
O-O O-O 9. c4 Ne3 10. Bxe3 fxe3 11. Qe2 Bg4 12. Qxe3 Bxf3 13. Rxf3 Nc6 14. d5
Ne5 15. Rf5 Nxd3 16. Qxd3 g6 17. Re5 Bd6 18. Nxd6 cxd6 19. Re2 Qb6+ 20. Kh1
1/2-1/2

[Event "NAT Grächen VS"]
[Site "?"]
[Date "2013.??.??"]
[Round "5"]
[White "Friedrich, Norbert"]
[Black "Lötscher, Roland"]
[Result "1/2-1/2"]
[WhiteElo "2315"]
[BlackElo "2406"]
[PlyCount "45"]
[SourceDate "2013.07.11"]

1. e4 e5 2. Nf3 Nc6 3. Nc3 Nf6 4. d4 exd4 5. Nxd4 Bb4 6. Nxc6 bxc6 7. Bd3 d5 8.
exd5 O-O 9. O-O cxd5 10. Bg5 c6 11. Qf3 Bd6 12. Rae1 Rb8 13. Nd1 h6 14. Bxf6
Qxf6 15. Qxf6 gxf6 16. b3 a5 17. Ne3 Bb4 18. Re2 Rd8 19. Nf5 Bxf5 20. Bxf5 Rb7
21. Rd1 Re7 22. Rxe7 Bxe7 23. Re1 1/2-1/2

[Event "NAT Grächen VS"]
[Site "?"]
[Date "2013.??.??"]
[Round "5"]
[White "Hund, Barbara"]
[Black "Kosteniuk, Alexandra"]
[Result "0-1"]
[WhiteElo "2195"]
[BlackElo "2521"]
[PlyCount "98"]
[SourceDate "2013.07.11"]

1. e4 c5 2. Nc3 Nc6 3. f4 g6 4. Nf3 Bg7 5. Bb5 Nd4 6. O-O Nxb5 7. Nxb5 Nf6 8.
Nc3 d5 9. e5 Ne4 10. Nb1 c4 11. Qe2 Qb6+ 12. Kh1 Bf5 13. Nh4 Bg4 14. Nf3 Nc5
15. Qe3 O-O 16. b3 Ne6 17. Bb2 Qa6 18. Nc3 Rfd8 19. Ne2 Bh6 20. Nfd4 Nc5 21.
Ng3 Qb6 22. Qf2 e6 23. h3 Bf5 24. Ndxf5 exf5 25. Bd4 Bf8 26. e6 fxe6 27. Qe3
Qc7 28. d3 Re8 29. bxc4 dxc4 30. dxc4 Nd7 31. Rfd1 e5 32. fxe5 Nxe5 33. c5 Nc6
34. Qb3+ Qf7 35. Bg1 f4 36. Nf1 Rad8 37. Nh2 Na5 38. Qa4 Nc4 39. Rxd8 Rxd8 40.
Qxa7 Ne3 41. c6 Nf5 42. Nf3 Qg7 43. Rb1 bxc6 44. Qxg7+ Bxg7 45. a4 Bc3 46. Rb3
Ba5 47. Rd3 Re8 48. Rd1 Re4 49. Rd8+ Bxd8 0-1

[Event "NAT Grächen VS"]
[Site "?"]
[Date "2013.??.??"]
[Round "5"]
[White "Gerber, Richard"]
[Black "Levrand, Roland"]
[Result "1/2-1/2"]
[WhiteElo "2449"]
[BlackElo "2162"]
[PlyCount "138"]
[SourceDate "2013.07.11"]

1. Nf3 Nf6 2. c4 Nc6 3. d4 a6 4. Nc3 d6 5. g3 Bf5 6. Bg2 Qd7 7. O-O h5 8. Ng5
h4 9. e4 Bg6 10. Bh3 e6 11. d5 Nd8 12. Qe2 hxg3 13. hxg3 Be7 14. Kg2 Nh7 15.
Nxh7 Rxh7 16. Bg4 f5 17. dxe6 Qxe6 18. Nd5 Rc8 19. Nf4 Qd7 20. Nxg6 fxg4 21.
Nxe7 Kxe7 22. Bg5+ Ke8 23. Rh1 Rxh1 24. Rxh1 Nf7 25. Bf4 Qe6 26. Rh5 Kd7 27.
Qd3 Re8 28. e5 g5 29. Bxg5 Nxe5 30. Qe4 Kc8 31. b3 Nf3 32. Qxe6+ Rxe6 33. Rh8+
Kd7 34. Rh7+ Kc8 35. Rh8+ Kd7 36. Rh7+ Kc8 37. Be3 Re4 38. Rg7 Ne1+ 39. Kf1 Nd3
40. Ke2 Ne5 41. Kd2 b5 42. c5 dxc5 43. Bxc5 Nf3+ 44. Kd3 Re1 45. Kc3 Rc1+ 46.
Kb4 Ne5 47. Be3 Nc6+ 48. Ka3 Rc2 49. b4 Rc4 50. Bf4 Nxb4 51. Rxg4 Nd3 52. Kb3
Nxf2 53. Rg8+ Kb7 54. Rd8 Ne4 55. Kb2 a5 56. Rd5 Kc6 57. Rd1 Nc5 58. Rd2 b4 59.
Kb1 Ne4 60. Rc2 Nc3+ 61. Ka1 Kb5 62. Be5 Rc6 63. Bxc3 bxc3 64. Kb1 Kc4 65. Rf2
Rg6 66. Rg2 Kd3 67. g4 Rg5 68. Rg3+ Kd4 69. Kc2 c5 1/2-1/2

[Event "NAT Grächen VS"]
[Site "?"]
[Date "2013.??.??"]
[Round "5"]
[White "Buss, Ralph"]
[Black "Pomini, Aurelien"]
[Result "1-0"]
[WhiteElo "2395"]
[BlackElo "2165"]
[PlyCount "99"]
[SourceDate "2013.07.11"]

1. Nf3 d5 2. c4 d4 3. g3 Nc6 4. Bg2 e5 5. O-O Nf6 6. d3 a5 7. e3 Be7 8. exd4
exd4 9. Na3 O-O 10. Nc2 Bf5 11. a3 Bg6 12. b3 Nd7 13. Nfe1 Nc5 14. f4 Qd7 15.
Rb1 Ne6 16. Bd2 Nc5 17. Qf3 Bf5 18. b4 axb4 19. axb4 Na4 20. Ra1 Nd8 21. Ra3 c5
22. Qd5 Nb6 23. Qxd7 Bxd7 24. Rxa8 Nxa8 25. bxc5 Bxc5 26. Bb4 Bxb4 27. Nxb4 Bc6
28. Nf3 Ne6 29. Nxc6 bxc6 30. Ne5 Nc5 31. Bxc6 Nc7 32. Ra1 f6 33. Nd7 Nxd7 34.
Bxd7 Rd8 35. Bg4 Rd6 36. Ra5 Rb6 37. Ra7 Rc6 38. Bf3 Rc5 39. Rb7 Kf8 40. Kf2
Ke7 41. g4 h6 42. Be4 Kd6 43. Rb6+ Kd7 44. Kf3 Ne8 45. Bf5+ Kc7 46. Re6 Nd6 47.
Re7+ Kb6 48. Rxg7 Nxf5 49. gxf5 Rxf5 50. Ke4 1-0

[Event "NAT Grächen VS"]
[Site "?"]
[Date "2013.??.??"]
[Round "5"]
[White "Carron, Julien"]
[Black "Angst, Robin"]
[Result "1-0"]
[WhiteElo "2376"]
[BlackElo "2112"]
[PlyCount "129"]
[SourceDate "2013.07.11"]

1. d4 d5 2. Nf3 Nf6 3. c4 e6 4. g3 Bb4+ 5. Bd2 a5 6. Bg2 dxc4 7. O-O O-O 8. Bg5
Nbd7 9. Qc2 h6 10. Bxf6 Nxf6 11. Qxc4 b6 12. Ne5 Ba6 13. Qc2 Nd5 14. Nc3 Bxc3
15. bxc3 Rc8 16. c4 Ne7 17. Rfd1 c6 18. e3 Qc7 19. c5 b5 20. Bf1 Ra8 21. a3 Nd5
22. e4 Nf6 23. f4 Nd7 24. Nf3 Nf6 25. Bd3 Rfd8 26. Qe2 Bc8 27. Bc2 Nh7 28. Bb3
Nf6 29. Ne5 Ba6 30. Qf3 b4 31. a4 Rf8 32. Kh1 Rad8 33. Ra2 Nd7 34. Ng4 Rfe8 35.
e5 Nf8 36. Nf2 Ng6 37. Ne4 Rf8 38. Nd6 Ne7 39. g4 Nd5 40. Re1 Qe7 41. Rg2 f6
42. Qe4 fxe5 43. Bc2 Nf6 44. Qxe5 Ne8 45. Qe4 Nf6 46. Qg6 b3 47. Bb1 Rxd6 48.
cxd6 Qe8 49. g5 Qxg6 50. Bxg6 hxg5 51. fxg5 Nd7 52. Be4 c5 53. dxc5 Nxc5 54.
Bc6 Nd3 55. Rb1 Ne5 56. Be4 Bc4 57. Rd2 Rb8 58. Kg2 Kf8 59. Kg3 Ke8 60. Kf4 Nf7
61. Bg6 e5+ 62. Ke4 Kd7 63. Bxf7 Bxf7 64. Kxe5 Rb4 65. Rd4 1-0

[Event "NAT Grächen VS"]
[Site "?"]
[Date "2013.??.??"]
[Round "5"]
[White "Burnier, David"]
[Black "Arcuti, Davide"]
[Result "1-0"]
[WhiteElo "2358"]
[BlackElo "2081"]
[PlyCount "95"]
[SourceDate "2013.07.11"]

1. d4 Nf6 2. c4 e6 3. Nf3 d5 4. Nc3 Nbd7 5. Bf4 c6 6. e3 Be7 7. h3 O-O 8. Qc2
Qa5 9. Nd2 c5 10. dxc5 Nxc5 11. a3 Nce4 12. Nb3 Qd8 13. Nxe4 dxe4 14. Be2 Bd7
15. Rd1 Qc8 16. Nd2 Bc6 17. O-O b6 18. Nb1 a5 19. Nc3 Qb7 20. Bd6 Bxd6 21. Rxd6
Ne8 22. Rd2 f5 23. Rfd1 Nf6 24. b4 axb4 25. axb4 e5 26. Bf1 f4 27. b5 Be8 28.
Rd6 Bh5 29. R1d2 Ra1 30. Rd8 Qf7 31. Rxf8+ Qxf8 32. exf4 Qa3 33. fxe5 Rc1 34.
Qb2 Qxb2 35. Rxb2 Rxc3 36. exf6 gxf6 37. g4 Bf7 38. Rd2 Rc1 39. Rd4 Re1 40. Kg2
f5 41. gxf5 Bh5 42. c5 Bf3+ 43. Kg3 bxc5 44. Bc4+ Kg7 45. Rd6 Rc1 46. f6+ Kg6
47. f7+ Kg5 48. Rd5+ 1-0

[Event "NAT Grächen VS"]
[Site "?"]
[Date "2013.??.??"]
[Round "5"]
[White "Grandadam, Nicolas"]
[Black "Jenal, Jürg"]
[Result "1-0"]
[WhiteElo "2344"]
[BlackElo "2127"]
[PlyCount "71"]
[SourceDate "2013.07.11"]

1. Nf3 c5 2. c4 Nc6 3. d4 cxd4 4. Nxd4 g6 5. e4 Nf6 6. Nc3 Nxd4 7. Qxd4 d6 8.
Bg5 Bg7 9. Be2 O-O 10. Qd2 Be6 11. Rc1 a6 12. b3 Qa5 13. O-O Rfc8 14. f4 b5 15.
f5 b4 16. fxe6 bxc3 17. exf7+ Kf8 18. Qe3 Qxa2 19. e5 dxe5 20. Qxe5 Qxb3 21.
Rxc3 Qb4 22. Re3 Qc5 23. Qf4 Kxf7 24. Bg4 Rc7 25. Be6+ Kf8 26. Kh1 Rd8 27. Qh4
Ke8 28. Bxf6 Qxe3 29. Bf7+ Kf8 30. Qxh7 exf6 31. Qg8+ Ke7 32. Qxg7 f5 33. Bxg6+
Kd6 34. Qf6+ Kd7 35. Bxf5+ Ke8 36. Bg6+ 1-0

[Event "NAT Grächen VS"]
[Site "?"]
[Date "2013.??.??"]
[Round "5"]
[White "Saikrishnan, Sai"]
[Black "Habibi, Ali"]
[Result "1/2-1/2"]
[WhiteElo "1979"]
[BlackElo "2265"]
[PlyCount "70"]
[SourceDate "2013.07.11"]

1. d4 c5 2. d5 Nf6 3. Nf3 d6 4. c4 b5 5. cxb5 a6 6. e3 Nbd7 7. Nc3 g6 8. a4 Bg7
9. Be2 O-O 10. O-O axb5 11. Bxb5 Ba6 12. Bxa6 Rxa6 13. e4 Qa8 14. Qc2 Rb8 15.
Bd2 Ne8 16. Ra3 Nc7 17. Rfa1 Qb7 18. Bc1 h6 19. Nd2 e6 20. Rb3 Qa8 21. Rxb8+
Nxb8 22. Qb3 exd5 23. Nxd5 Ne6 24. Nf3 Nc6 25. Be3 Kh7 26. h4 Qb8 27. Qxb8 Nxb8
28. Nd2 Nc6 29. Nc4 Ne5 30. Nxe5 Bxe5 31. Ra2 f5 32. f4 Bd4 33. Bxd4 Nxd4 34.
exf5 gxf5 35. b4 cxb4 1/2-1/2

[Event "NAT Grächen VS"]
[Site "?"]
[Date "2013.??.??"]
[Round "5"]
[White "Sprotte, Norbert"]
[Black "Räber, Markus"]
[Result "1-0"]
[WhiteElo "2144"]
[BlackElo "2245"]
[PlyCount "87"]
[SourceDate "2013.07.11"]

1. d4 Nf6 2. Nf3 g6 3. Nc3 Bg7 4. e4 d6 5. Be2 O-O 6. O-O c6 7. Re1 Bg4 8. Be3
Bxf3 9. Bxf3 Nbd7 10. Qd2 e5 11. d5 c5 12. a4 Ne8 13. g3 Qe7 14. Bg2 f5 15.
exf5 gxf5 16. f4 e4 17. Bf1 Kh8 18. Be2 Rg8 19. Kh1 Qf7 20. Nd1 Nef6 21. c4 h5
22. Nf2 Ng4 23. Nxg4 hxg4 24. a5 Bf6 25. Ra3 Rg6 26. h4 Rh6 27. Kg2 Kg7 28. Rh1
Rah8 29. b4 Qe7 30. bxc5 Nxc5 31. Bd4 Kg6 32. Bxc5 dxc5 33. d6 Qd8 34. Qd5 R8h7
35. Qxc5 Rh5 36. Qd5 b6 37. axb6 Qxb6 38. c5 Qb2 39. Qa2 Qb4 40. Rxa7 Rxa7 41.
Qxa7 Rh7 42. Qa2 Qxc5 43. Qg8+ Kh6 44. h5 1-0

[Event "NAT Grächen VS"]
[Site "?"]
[Date "2013.??.??"]
[Round "5"]
[White "Sprenger, Raphael"]
[Black "Hugentobler, Patrik"]
[Result "1/2-1/2"]
[WhiteElo "2086"]
[BlackElo "2238"]
[PlyCount "69"]
[SourceDate "2013.07.11"]

1. e4 Nf6 2. e5 Nd5 3. d4 d6 4. c4 Nb6 5. exd6 cxd6 6. Nc3 g6 7. a4 a5 8. c5
dxc5 9. Bb5+ N6d7 10. Bf4 Bg7 11. Nd5 Na6 12. Qe2 e5 13. Bxe5 O-O 14. Bd6 Nb6
15. Ne7+ Kh8 16. Nxc8 Rxc8 17. Bxf8 Qxf8 18. Nf3 cxd4 19. O-O Nb4 20. Qe4 Nc6
21. Rfe1 Qd6 22. Rad1 Rd8 23. Qh4 Bf6 24. Ng5 Bxg5 25. Qxg5 Kg7 26. Re4 h6 27.
Qd2 f5 28. Rf4 Nd5 29. Rxd4 Nxd4 30. Qxd4+ Qf6 31. Bc4 Qxd4 32. Rxd4 Rc8 33.
Rxd5 Rxc4 34. g3 Rxa4 35. Rd7+ 1/2-1/2

[Event "NAT Grächen VS"]
[Site "?"]
[Date "2013.??.??"]
[Round "5"]
[White "Lombard, André"]
[Black "Bluhm, Sonja"]
[Result "1/2-1/2"]
[WhiteElo "2364"]
[BlackElo "2043"]
[PlyCount "66"]
[SourceDate "2013.07.11"]

1. d4 Nf6 2. c4 g6 3. Nc3 Bg7 4. e4 d6 5. Be2 O-O 6. Bg5 Na6 7. Nf3 c5 8. d5
Nc7 9. O-O b5 10. cxb5 a6 11. b6 Nb5 12. Nxb5 axb5 13. Bxb5 Nxe4 14. Bh4 Rb8
15. Re1 Nf6 16. a4 Rxb6 17. Nd2 Rb8 18. Ne4 Qb6 19. Nxf6+ exf6 20. Qf3 g5 21.
Bg3 f5 22. h4 f4 23. Bh2 h6 24. hxg5 hxg5 25. Qh5 Qd8 26. Re2 Qf6 27. Ra3 Bf5
28. g3 Qd4 29. Qxg5 Qd1+ 30. Kg2 Qxd5+ 31. Kg1 Qd1+ 32. Kg2 Qd5+ 33. Kg1 Qd1+
1/2-1/2

[Event "NAT Grächen VS"]
[Site "?"]
[Date "2013.??.??"]
[Round "5"]
[White "Zaza, Ludovic"]
[Black "Leutwyler, Martin"]
[Result "0-1"]
[WhiteElo "2039"]
[BlackElo "2225"]
[PlyCount "42"]
[SourceDate "2013.07.11"]

1. e4 Nf6 2. e5 Nd5 3. d4 d6 4. Nf3 Bg4 5. Be2 e6 6. O-O Be7 7. c4 Nb6 8. Nc3
O-O 9. h3 Bh5 10. Be3 Nc6 11. exd6 cxd6 12. b3 d5 13. c5 Bxf3 14. Bxf3 Nc8 15.
b4 Bf6 16. b5 Na5 17. Rb1 b6 18. Rb4 bxc5 19. Ra4 Nb7 20. Qc1 Nb6 21. Ra6 cxd4
0-1

[Event "NAT Grächen VS"]
[Site "?"]
[Date "2013.??.??"]
[Round "5"]
[White "Sazlgeber, Frank"]
[Black "Bischofberger, Dario"]
[Result "1/2-1/2"]
[WhiteElo "2209"]
[BlackElo "1973"]
[PlyCount "87"]
[SourceDate "2013.07.11"]

1. d4 e6 2. c4 f5 3. Nf3 b6 4. g3 Bb7 5. Bg2 Bb4+ 6. Nbd2 Nf6 7. O-O O-O 8. a3
Bxd2 9. Qxd2 Qe7 10. b4 d6 11. Bb2 Nbd7 12. Qc2 Rad8 13. Rac1 c5 14. dxc5 dxc5
15. b5 Be4 16. Qc3 Rfe8 17. Rcd1 Nf8 18. Ne5 Ng6 19. Nc6 Bxc6 20. Bxc6 Rxd1 21.
Rxd1 Rd8 22. Qc2 Rd6 23. Rd3 Qd8 24. Qd1 Rxd3 25. Qxd3 Qxd3 26. exd3 e5 27. Kf1
Kf7 28. Ke2 Ke6 29. a4 Ne7 30. Bg2 Ng6 31. h4 h5 32. Bb7 f4 33. Bc3 fxg3 34.
fxg3 Ne7 35. Kf3 Kd6 36. Be4 Ke6 37. Bb7 Kd6 38. Be4 Ke6 39. a5 Nf5 40. Bxf5+
Kxf5 41. a6 Nd7 42. Bd2 Nf6 43. Be1 Nd7 44. Bc3 1/2-1/2

[Event "ST Grächen VS"]
[Site "?"]
[Date "2013.??.??"]
[Round "3"]
[White "Vulevic, Vjekoslav"]
[Black "Huss, Benjamin"]
[Result "1-0"]
[WhiteElo "2340"]
[BlackElo "2136"]
[PlyCount "99"]
[SourceDate "2013.07.11"]

1. Nf3 Nf6 2. g3 g6 3. b3 Bg7 4. Bb2 O-O 5. Bg2 d6 6. d4 Nbd7 7. O-O e5 8. dxe5
Ng4 9. c4 Ngxe5 10. Nc3 Nxf3+ 11. Bxf3 Ne5 12. Bg2 h5 13. Qd2 h4 14. Rad1 h3
15. Bh1 Nc6 16. Nd5 Re8 17. Bxg7 Kxg7 18. Qb2+ f6 19. c5 dxc5 20. Nb6 axb6 21.
Rxd8 Rxd8 22. Bxc6 bxc6 23. f3 Be6 24. g4 Rd5 25. Kf2 g5 26. Rc1 Rad8 27. Rc3
Rd2 28. Qa3 Bf7 29. Re3 R2d7 30. Qa6 Kg6 31. a4 Bd5 32. Qb7 c4 33. bxc4 Bxc4
34. Qxc6 Bd5 35. Qc2+ Kg7 36. Kg3 Bf7 37. Kxh3 c5 38. Qb2 Rd6 39. Kg3 R8d7 40.
h4 gxh4+ 41. Kxh4 Ra7 42. Re4 Kf8 43. Kg3 Bd5 44. Rf4 Rf7 45. a5 Bb7 46. axb6
Ke7 47. e4 Re6 48. Rf5 Rc6 49. Qa3 Bc8 50. g5 1-0

[Event "ST Grächen VS"]
[Site "?"]
[Date "2013.??.??"]
[Round "3"]
[White "Bhend, Edwin"]
[Black "Vucenovic, Dragomir"]
[Result "1/2-1/2"]
[WhiteElo "2249"]
[BlackElo "2271"]
[PlyCount "34"]
[SourceDate "2013.07.11"]

1. e4 e5 2. Bc4 Nc6 3. d3 Nf6 4. Nc3 d6 5. Nf3 Be7 6. O-O O-O 7. h3 Na5 8. a4
Nxc4 9. dxc4 Be6 10. b3 h6 11. Ne1 Nh7 12. Nd3 g5 13. Nd5 Nf6 14. Qe2 Nxd5 15.
cxd5 Bd7 16. Qh5 Kg7 17. Bb2 f6 1/2-1/2

[Event "ST Grächen VS"]
[Site "?"]
[Date "2013.??.??"]
[Round "3"]
[White "Karl, Hans"]
[Black "Held, Hans"]
[Result "1-0"]
[WhiteElo "2148"]
[BlackElo "1782"]
[PlyCount "59"]
[SourceDate "2013.07.11"]

1. d4 Nf6 2. c4 c5 3. d5 e5 4. Nc3 d6 5. e4 Be7 6. Bd3 O-O 7. Nge2 Bd7 8. Ng3
Na6 9. O-O Nc7 10. h3 a6 11. a4 Rb8 12. f4 b5 13. axb5 axb5 14. fxe5 dxe5 15.
Nf5 Bxf5 16. Rxf5 b4 17. Ne2 Qd6 18. Ng3 g6 19. Rf1 Nfe8 20. Bh6 Ng7 21. Qg4
Nce8 22. Ra7 Nf6 23. Qf3 Ra8 24. Rfa1 Rxa7 25. Rxa7 Nd7 26. Qd1 Rd8 27. Qa4 Ne8
28. Bd2 Nc7 29. Qc6 Bh4 30. Qxd6 1-0

[Event "ST Grächen VS"]
[Site "?"]
[Date "2013.??.??"]
[Round "3"]
[White "Illi, Hans-Jörg"]
[Black "Moret, Jean-Paul"]
[Result "0-1"]
[WhiteElo "2129"]
[BlackElo "2000"]
[PlyCount "48"]
[SourceDate "2013.07.11"]

1. d4 Nf6 2. Nf3 g6 3. Bg5 Bg7 4. c3 O-O 5. Nbd2 d5 6. e3 Nbd7 7. Bd3 c5 8. O-O
b6 9. b4 Bb7 10. a4 Ne4 11. Bxe4 dxe4 12. Ne1 cxb4 13. cxb4 h6 14. Bh4 Rc8 15.
f4 Nf6 16. Bxf6 Bxf6 17. Rf2 Rc3 18. Nf1 Qd6 19. Rb1 Rfc8 20. Rc2 Bd5 21. Qd2
Rxc2 22. Nxc2 Qc6 23. Ra1 Qxc2 24. Rc1 Qxc1 0-1

[Event "ST Grächen VS"]
[Site "?"]
[Date "2013.??.??"]
[Round "3"]
[White "Bischoff, Peter"]
[Black "Morf, Jürg"]
[Result "1-0"]
[WhiteElo "2089"]
[BlackElo "1982"]
[PlyCount "55"]
[SourceDate "2013.07.11"]

1. e4 d6 2. d4 Nf6 3. Nc3 Nbd7 4. Nf3 e5 5. Bc4 Be7 6. O-O O-O 7. h3 c6 8. a4
b6 9. Qe2 Bb7 10. dxe5 dxe5 11. Rd1 Qc7 12. Bg5 Bc5 13. Rd3 a6 14. Nh4 b5 15.
Bb3 g6 16. Qf3 Nh5 17. Nf5 Nf4 18. Nh6+ Kg7 19. Ng4 h5 20. Rxd7 Qxd7 21. Bh6+
Kh8 22. Nxe5 Qe7 23. Qxf4 Bd6 24. Bxf8 Rxf8 25. Qh6+ Kg8 26. Nxg6 Qf6 27. e5
Qg7 28. Qxg7+ 1-0

[Event "NAT Grächen VS"]
[Site "?"]
[Date "2013.??.??"]
[Round "6"]
[White "Miezis, Normunds"]
[Black "Sokolov, Andrei"]
[Result "1/2-1/2"]
[WhiteElo "2548"]
[BlackElo "2563"]
[PlyCount "25"]
[SourceDate "2013.07.11"]

1. c4 Nf6 2. Nc3 c5 3. e4 Nc6 4. g3 g6 5. Bg2 Bg7 6. Nge2 d6 7. O-O O-O 8. d3
Rb8 9. a3 a6 10. Rb1 Bd7 11. b4 cxb4 12. axb4 b5 13. cxb5 1/2-1/2

[Event "NAT Grächen VS"]
[Site "?"]
[Date "2013.??.??"]
[Round "6"]
[White "Cebalo, Miso"]
[Black "Huss, Andreas"]
[Result "1-0"]
[WhiteElo "2438"]
[BlackElo "2365"]
[PlyCount "86"]
[SourceDate "2013.07.11"]

1. c4 e6 2. g3 Nf6 3. Nf3 d5 4. b3 Be7 5. Bb2 O-O 6. Bg2 a5 7. Nc3 Nbd7 8. O-O
c6 9. Rc1 Re8 10. d3 Bf8 11. h3 Nc5 12. d4 Nce4 13. Nd2 Nxd2 14. Qxd2 dxc4 15.
bxc4 e5 16. d5 Bc5 17. Qc2 Qd6 18. Na4 cxd5 19. Nxc5 Qxc5 20. cxd5 Qxc2 21.
Rxc2 b5 22. d6 Rb8 23. Rc7 Rd8 24. Bxe5 Ne8 25. Bd5 Bd7 26. Rfc1 Rb6 27. Ra7
Nxd6 28. Rcc7 Be8 29. Bxd6 Rbxd6 30. Bxf7+ Bxf7 31. Rxf7 Rg6 32. Rfb7 h6 33.
Rxa5 Rd1+ 34. Kg2 Rd2 35. Re7 Kf8 36. Re4 Rb6 37. h4 Kf7 38. Ra7+ Kf6 39. Ree7
g6 40. Rh7 h5 41. Rae7 g5 42. Ref7+ Ke6 43. hxg5 Rxa2 1-0

[Event "NAT Grächen VS"]
[Site "?"]
[Date "2013.??.??"]
[Round "6"]
[White "Kosteniuk, Alexandra"]
[Black "Carron, Julien"]
[Result "1-0"]
[WhiteElo "2521"]
[BlackElo "2376"]
[PlyCount "61"]
[SourceDate "2013.07.11"]

1. e4 c5 2. Nf3 Nc6 3. Bb5 e6 4. Bxc6 bxc6 5. b3 d6 6. e5 dxe5 7. Nxe5 Qd5 8.
Nf3 Qe4+ 9. Kf1 Qf5 10. Na3 Bd6 11. d3 Nf6 12. Nc4 Bc7 13. Ba3 O-O 14. Ne3 Qh5
15. Nd2 Qh6 16. Bxc5 Rd8 17. h4 e5 18. Qf3 Nd5 19. Ne4 Qe6 20. Ng5 Qe8 21. Nf5
f6 22. Ne4 Kh8 23. h5 Nf4 24. Ne7 f5 25. Ng3 e4 26. dxe4 Ba6+ 27. Kg1 Ne6 28.
Ngxf5 Nxc5 29. Ng6+ hxg6 30. hxg6+ Kg8 31. Rh8+ 1-0

[Event "NAT Grächen VS"]
[Site "?"]
[Date "2013.??.??"]
[Round "6"]
[White "Lötscher, Roland"]
[Black "Sprotte, Norbert"]
[Result "1-0"]
[WhiteElo "2406"]
[BlackElo "2144"]
[PlyCount "45"]
[SourceDate "2013.07.11"]

1. d4 e6 2. c4 Bb4+ 3. Nd2 c5 4. a3 Bxd2+ 5. Qxd2 d6 6. dxc5 dxc5 7. Qxd8+ Kxd8
8. Bf4 Nf6 9. Rd1+ Bd7 10. Nf3 Nc6 11. e3 h6 12. Be2 Ne8 13. O-O g5 14. Bg3 f6
15. Nd2 Rc8 16. Ne4 Ne7 17. Bh5 Nf5 18. Bxe8 Rxe8 19. Nxf6 Re7 20. Be5 Nh4 21.
Ne4 Rh7 22. Rd2 Ng6 23. Bf6+ 1-0